000 00544nam a22001817a 4500
003 CEME
005 20210628202128.0
008 210225b xxu||||| |||| 00| 0 eng d
020 _a0-340-75920-8
040 _c.
082 _a621.381 BAT
100 _aBates, Martin
_958374
245 _aIntroduction to microelectronic systems, the pic 16f84 microcontroller
260 _aLONDON
_bARNOLD
_c2000
300 _aXI,307P
650 _aMICROELECTRONIC SYSTEMS PIC 16F84 MICROCONTROLLER MICROCONTROLLER-THE PIC 16F84
_958375
942 _cBK
_2ddc
999 _c568572
_d568572